El vivir creativo: teoría y práctica de la creatividad
Uloženo v:
| Hlavní autor: | |
|---|---|
| Médium: | Kniha |
| Jazyk: | španělština |
| Vydáno: |
Barcelona
Herder
1987
|
| Edice: | Biblioteca de Psicología, 152
|
| Témata: | |
| Tagy: |
Přidat tag
Žádné tagy, Buďte první, kdo vytvoří štítek k tomuto záznamu!
|
MARC
| LEADER | 00000nam a2200000 a 4500 | ||
|---|---|---|---|
| 001 | UCW7184 | ||
| 003 | CL-VaPUC | ||
| 008 | 920921e19870000SP |||||||||||||||||spa|d | ||
| 082 | 0 | 4 | |a 153.35 |b LAN |2 21 |
| 100 | 0 | |a Landau, Erika |e author |9 312339 | |
| 245 | 1 | 3 | |a El vivir creativo: teoría y práctica de la creatividad |
| 300 | |a 229 p | ||
| 942 | |c BK | ||
| 945 | |d 19920921 00:00:00 | ||
| 260 | |a Barcelona |b Herder |c 1987 | ||
| 650 | 0 | |a Aptitud creadora |x Aspectos psicológicos |9 312340 | |
| 583 | |a last modification |c 19920921 00:00:00 |k Rodrigo Vera | ||
| 490 | 0 | |a Biblioteca de Psicología, 152 | |
| 999 | |c 220038 |d 220036 | ||
| 952 | |0 0 |1 0 |4 0 |6 153_350000000000000_LAN_1987 |7 0 |8 A |9 211769 |a BIBEDU |b BIBEDU |d 2019-11-15 |i 2799057 |l 1 |o 153.35 LAN 1987 |p 2799057 |r 2023-11-24 |s 2023-11-24 |w 2019-11-15 |y BK |k EDU | ||